| 000 | 00919cam a22002891 4500 | ||
|---|---|---|---|
| 001 | 2168518 | ||
| 003 | Nust | ||
| 005 | 20220831095103.0 | ||
| 008 | 740213r1965 nyu j 000 1 eng | ||
| 010 | _a 65020401 | ||
| 020 |
_a9780340994368 _cRs. 476 |
||
| 038 | _aArshad | ||
| 040 |
_aDLC _cDLC _dDLC |
||
| 042 | _alcac | ||
| 050 | 0 | 0 |
_aPZ4.L4526 _bLo3 _aPR6062.E33 |
| 082 | 0 | 0 |
_a823 _bCAR |
| 100 | 1 |
_aLe Carré, John, _d1931- _911818 |
|
| 245 | 1 | 4 | _aThe looking glass war. |
| 250 | _a[1st American ed.] | ||
| 260 |
_aNew York, _bCoward-McCann _c1965 |
||
| 300 |
_a318 p. _c22 cm. |
||
| 520 | _aFocuses on a former military espionage department in London and its attempts to train an agent for a mission in East Germany. | ||
| 650 | 0 |
_aIntelligence service _zGreat Britain _xFiction. _911820 |
|
| 655 | 7 |
_aSpy stories. _2gsafd _98087 |
|
| 906 |
_a7 _bcbc _corignew _du _eocip _f19 _gy-gencatlg |
||
| 942 |
_2ddc _cBK |
||
| 999 |
_c173312 _d173312 |
||